Söldner aus Böhmen
| Titel: | Söldner aus Böhmen : im Dienst deutscher Fürsten: Kriegsgeschäft und Heeresorganisation im 15. Jahrhundert / Uwe Tresp |
|---|---|
| Verfasser: | |
| Veröffentlicht: | Paderborn [u.a.] : Schöningh, 2004 |
| Umfang: | 524 S. : Ill., Kt. |
| Format: | Buch |
| Sprache: | Deutsch |
| Schriftenreihe/ mehrbändiges Werk: |
Krieg in der Geschichte ; 19 |
| Hochschulschrift: | Zugl.: Potsdam, Univ., Diss., 2002 |
| RVK-Notation: |
·
·
·
|
| ISBN: | 3506717448 |
| Hinweise zum Inhalt: |
Inhaltsverzeichnis
|
alg: 12189026
001A $00034:22-06-04
001B $01999:09-06-23 $t19:02:10.000
001C $06000:30-11-07 $t02:07:49.000
001D $03077:13-09-04
001U $0utf8
001X $00
002@ $0Aau
003@ $0121890260
003O $056533455 $aOCoLC
004A $03-506-71744-8
004K $09783506717443
006G $0971042497
006T $004,N22,1829
006U $007,H12,3431 $f20040503
007A $0121890260 $aHEB
007G $0FL00180B1ADBED28F45D1C1257AB5002E91A0
007T $0Herdhh121890260
009P $qapplication/pdf $A2 $3Inhaltsverzeichnis $uhttp://scans.hebis.de/HEBCGI/show.pl?12189026_toc.pdf $mV:DE-603;B:DE-Mb50
010@ $ager
011@ $a2004
013H $0u
021A $aSöldner aus Böhmen $dim Dienst deutscher Fürsten: Kriegsgeschäft und Heeresorganisation im 15. Jahrhundert $hUwe Tresp
028A $7129419354 $8Tresp, Uwe$Z1967- [Tp3] $9159750733
033A $pPaderborn {[u.a.] $nSchöningh
034D $a524 S.
034M $aIll., Kt.
036E $aKrieg in der Geschichte $l19
036F $x219 $8Krieg in der Geschichte $9059967048 $l19
037C $aZugl.: $bPotsdam $cUniv., Diss., 2002
039U $8--Aox--Kümper, Hiram$Z1981- [Tp3]. Tresp, Uwe, 1967-. Söldner aus Böhmen. - Paderborn {[u.a.] : Schöningh. - 2004 [Rezension], 2005 $9394769813
039U $8--Aox--Polívka, Miloslav [Tnd]. Tresp, Uwe, 1967-. Söldner aus Böhmen. - Paderborn {[u.a.] : Schöningh. - 2004 [Rezension], 2006 $9394770714
039U $8--Aox--Rink, Martin. Tresp, Uwe, 1967-. Söldner aus Böhmen. - Paderborn {[u.a.] : Schöningh. - 2004 [Rezension], 2006 $9394796381
039U $8--Aox--Thieme, André. Tresp, Uwe, 1967-. Söldner aus Böhmen. - Paderborn {[u.a.] : Schöningh. - 2004 [Rezension], 2005 $9394800915
039U $8--Aox--Honig, Jan Willem. Tresp, Uwe, 1967-. Söldner aus Böhmen. - Paderborn {[u.a.] : Schöningh. - 2004 [Rezension], 2006 $9394800923
039U $8--Aox--Lankes, Christian. Tresp, Uwe, 1967-. Söldner aus Böhmen. - Paderborn {[u.a.] : Schöningh. - 2004 [Rezension], 2006 $9394811097
039U $8--Aox--Franz, Matthias. Tresp, Uwe, 1967-. Söldner aus Böhmen. - Paderborn {[u.a.] : Schöningh. - 2004 [Rezension], 2005 [2006] $939491371X
039U $8--Aox--Dendorfer, Jürgen. Tresp, Uwe, 1967-. Söldner aus Böhmen. - Paderborn {[u.a.] : Schöningh. - 2004 [Rezension], 2006 $9394913728
039U $8--Oox--Plassmann, Max. Tresp, Uwe, 1967-. Söldner aus Böhmen. - Paderborn {[u.a.] : Schöningh. - 2004 [Rezension], 2006 $9394913736
039U $8--Aox--Bormann, Eberhard. Tresp, Uwe, 1967-. Söldner aus Böhmen. - Paderborn {[u.a.] : Schöningh. - 2004 [Rezension], 2005 $9394965124
041A $RProtektorat Böhmen und Mähren $RBöhmische Länder $RTschechoslowakei $#Böhmen $#Čech $#Königreich Böhmen $#České Království $#Království České $#Kronland Böhmen $#Čechy $#Ceské Království $#Království Ceské $74007467-5 $8Böhmen [Tg1] $9085012173
041A/01 $RHeer $RPrivatarmee $#Söldner Heer $74181722-9 $8Söldnerheer [Ts1] $9085871877
041A/02 $#Organisationsstruktur $#Organisationsstruktur $#Organisation Struktur $#Unternehmen Organisationsstruktur $74115464-2 $8Organisationsstruktur [Ts1] $9085349003
045B $a355.354094309024 $ALoC $eDDC22oclc
045E $c940
045F $a900.94309023 $eDDC23BSB
045F/01 $a900
045F/03 $f09023
045F/03 $f09024
045F/03 $g43
045G $a355.00943 $eDDC23BSB
045G/01 $a355.009
045G/03 $g43
045G/03 $g4371
045R $aGeschichte 1500-1600
045Z $8NK 7015 [Tkv] $941089124X
045Z $8NK 7030 [Tkv] $9410891282
045Z $8NM 7250 [Tkv] $9410893749
045Z $8NW 8260 [Tkv] $9410952974
lok: 12189026 3
101B $001-08-06 $t17:40:46.000
101C $001-08-06
145S/01 $a039
101U $0utf8
exp: 12189026 3 1 #EPN
201B/01 $023-05-07 $t16:55:19.000
201C/01 $020-09-04
201U/01 $0utf8
203@/01 $021949469X
208@/01 $a03-11-04 $bzCh
209A/01 $a02/NM 7250 T798 $du $f330 $h02 NM 7250 T798 $x00
209B/01 $a4401 $x05
209C/01 $aBzG-2004/7593
209G/01 $a1001718957 $x00
247C/01 $8601330-2 <30/330>Frankfurt, Universitätsbibliothek J. C. Senckenberg, Bibliothekszentrum Geisteswissenschaften (BzG) $9102599378
lok: 12189026 23
exp: 12189026 23 1 #EPN
201B/01 $030-09-04 $t11:44:21.000
201C/01 $022-06-04
203@/01 $0215701895
208@/01 $a30-09-04 $bz
209A/01 $a25 Ges HC 5902 $du $f024 $hGES HC 5902 $x00
209G/01 $a19825167 $x00
247C/01 $8352024-9 <34/24>Kassel, UB Kassel, Standort Holländischer Platz $9102599459
201U/01 $0utf8
lok: 12189026 24
101B $001-12-04 $t14:10:08.000
101C $001-12-04
145Z/01 $a3 7 D
145Z/02 $a3 14 B
145Z/03 $a3 14 Ba
101U $0utf8
exp: 12189026 24 1 #EPN
201B/01 $020-10-04 $t15:08:44.000
201C/01 $016-09-04
203@/01 $0219372152
208@/01 $a16-09-04 $bz
209A/01 $a04.3522 $du $f050 $h04 3522 $x00
209C/01 $a04.3522 K $h04 3522 K
209G/01 $a70907054 $x00
220C/01 $ajwa/hae
247C/01 $8358050-7 Marburg, Bibliothek des Herder-Instituts Marburg $9102600961
201U/01 $0utf8
lok: 12189026 25
exp: 12189026 25 1 #EPN
201B/01 $009-05-25 $t14:48:56.000
201C/01 $007-06-05
201U/01 $0utf8
203@/01 $025626399X
208@/01 $a07-06-05 $bz
209A/01 $aBbg 55-19 $dd $f088 $x00
209C/01 $aHSK 2004/116/II
209G/01 $a74020808 $x00
209G/01 $aMittlere und Neuere Geschichte $x01
247C/01 $8651088-7 <77/088>Mainz, Universität Mainz, Bereichsbibliothek Philosophicum, Standort Mittlere und Neuere Geschichte $9102600376
lok: 12189026 78
exp: 12189026 78 1 #EPN
201B/01 $025-11-17 $t23:40:21.000
201U/01 $0utf8
203@/01 $0793805406
208@/01 $a12-11-16 $be
209A/01 $a/ $f000 $x00
237A/01 $aweiterführende Signatur(en): 04.3522
244Z/01 $#Tschechien $#Tschechische Republik $#Tschechien $#Tschechische Republik $#Tschechenland $#Tschechei Tschechien $#Česká Republika $#Czech Republic $#ČR $74303381-7 $8--Tg1--Tschechien $x01 $9086659812
244Z/01 $2Trx $#Böhmen $#Bohemia $#Czechy $8--Trx--Čechy $x02 $9391188941
244Z/01 $aGeschichte 1400-1500 $x03
244Z/01 $2Trx $#palgasõdurid $#samdomi kareiviai $#mercenaries $#zsoldosok $#najemnicy $#žoldnieri $#žoldnéři $8--Trx--Söldner $x04 $9391361430
244Z/01 $2Trx $#kaitsejõud, Tšehhi $#Čekijos ginkluotosios pajėgos $#Armed forces, Czech $#fegyveres erök, cseh $#siły zbrojne, czeskie $#armáda česká $#armáda česká $8--Trx--Streitkräfte, tschechische $x05 $9391378996
244Z/01 $2Trx $8--Trx--Monographie $x06 $9391384546
244Z/01 $2Trx $8--Trx--Hochschulschrift $x07 $9391384589
245Z/01 $a07.06 $x01
247C/01 $82080>Marburg/Lahn, Herder-Institut, Forschungsbibliothek, Bibliographieportal $9336309341
lok: 12189026 204
exp: 12189026 204 1 #EPN
201B/01 $011-11-04 $t10:56:40.000
201C/01 $020-10-04
203@/01 $0220784094
208@/01 $a11-11-04 $bzp08
209A/01 $aLu 100 $ds $f084 $h084 LU 100 $x00
209C/01 $a084 82520449
209G/01 $a82520449 $x00
247C/01 $8631084-9 <26/084>Gießen, Universität Gießen, Fachbibliothek Geschichts- und Kulturwissenschaften / Bibliothek im Historischen Institut $9102596948
201U/01 $0utf8
lok: 12189026 205
exp: 12189026 205 1 #EPN
201B/01 $010-03-18 $t06:55:45.000
201C/01 $013-10-04
201U/01 $0utf8
203@/01 $0220533423
208@/01 $a16-12-04 $bz
209A/01 $a001 NZM I 1247 $db $f000 $x00
209B/01 $a80 $x05
209C/01 $a04/260 MAG
209G/01 $a56315489 $x00
209G/01 $aFreihandbereich $x01
220B/01 $aaltbik402
247C/01 $8351000-1 <4>Marburg, Universität Marburg, Universitätsbibliothek $9102594767
| LEADER | 00000cam a2200000 c 4500 | ||
|---|---|---|---|
| 001 | 121890260 | ||
| 003 | DE-603 | ||
| 005 | 20230609190210.0 | ||
| 007 | tu | ||
| 008 | 040622s2004 xx |||| m u00||u|ger | ||
| 015 | |a 07,H12,3431 |z 04,N22,1829 |2 dnb | ||
| 016 | 7 | |2 DE-101 |a 971042497 | |
| 020 | |a 3506717448 | ||
| 024 | 3 | |a 9783506717443 | |
| 035 | |a (DE-599)HEB121890260 | ||
| 035 | |a (OCoLC)56533455 | ||
| 040 | |a DE-603 |b ger |c DE-603 |d DE-603 | ||
| 041 | |a ger | ||
| 082 | 0 | 4 | |8 1\u |a 900.94309023 |q DE-101 |2 23/BSB |
| 083 | 0 | |8 2\u |a 355.00943 |q DE-101 |2 23/BSB | |
| 083 | 7 | |8 3\p |a 355.354094309024 |2 22/oclc | |
| 084 | |a 940 |q DE-101 |2 sdnb | ||
| 084 | |a NK 7015 |0 (DE-625)126155: |0 (DE-603)41089124X |2 rvk | ||
| 084 | |a NK 7030 |0 (DE-625)126159: |0 (DE-603)410891282 |2 rvk | ||
| 084 | |a NM 7250 |0 (DE-625)126405: |0 (DE-603)410893749 |2 rvk | ||
| 084 | |a NW 8260 |0 (DE-625)132310: |0 (DE-603)410952974 |2 rvk | ||
| 085 | |8 1\u |b 900 | ||
| 085 | |8 1\u |z 1 |s 09023 | ||
| 085 | |8 1\u |z 1 |s 09024 | ||
| 085 | |8 1\u |z 2 |s 43 | ||
| 085 | |8 2\u |b 355.009 | ||
| 085 | |8 2\u |z 2 |s 43 | ||
| 085 | |8 2\u |z 2 |s 4371 | ||
| 100 | 1 | |a Tresp, Uwe |d 1967- |0 (DE-603)159750733 |0 (DE-588)129419354 |2 gnd | |
| 245 | 0 | 0 | |a Söldner aus Böhmen |b im Dienst deutscher Fürsten: Kriegsgeschäft und Heeresorganisation im 15. Jahrhundert |c Uwe Tresp |
| 264 | 1 | |a Paderborn [u.a.] |b Schöningh |c 2004 | |
| 300 | |a 524 S. |b Ill., Kt. | ||
| 490 | 1 | |a Krieg in der Geschichte |v 19 | |
| 502 | |a Zugl.: Potsdam, Univ., Diss., 2002 | ||
| 648 | 7 | |a Geschichte 1500-1600 |2 gnd | |
| 650 | 7 | |a Söldnerheer |0 (DE-588)4181722-9 |0 (DE-603)085871877 |2 gnd | |
| 650 | 7 | |a Organisationsstruktur |0 (DE-588)4115464-2 |0 (DE-603)085349003 |2 gnd | |
| 651 | 7 | |a Böhmen |0 (DE-588)4007467-5 |0 (DE-603)085012173 |2 gnd | |
| 787 | 0 | 8 | |i Rezensiert in |a Kümper, Hiram, 1981- |t Tresp, Uwe, 1967-. Söldner aus Böhmen. - Paderborn [u.a.] : Schöningh. - 2004 [Rezension] |w (DE-603)394769813 |
| 787 | 0 | 8 | |i Rezensiert in |a Polívka, Miloslav |t Tresp, Uwe, 1967-. Söldner aus Böhmen. - Paderborn [u.a.] : Schöningh. - 2004 [Rezension] |w (DE-603)394770714 |
| 787 | 0 | 8 | |i Rezensiert in |a Rink, Martin |t Tresp, Uwe, 1967-. Söldner aus Böhmen. - Paderborn [u.a.] : Schöningh. - 2004 [Rezension] |w (DE-603)394796381 |
| 787 | 0 | 8 | |i Rezensiert in |a Thieme, André |t Tresp, Uwe, 1967-. Söldner aus Böhmen. - Paderborn [u.a.] : Schöningh. - 2004 [Rezension] |w (DE-603)394800915 |
| 787 | 0 | 8 | |i Rezensiert in |a Honig, Jan Willem |t Tresp, Uwe, 1967-. Söldner aus Böhmen. - Paderborn [u.a.] : Schöningh. - 2004 [Rezension] |w (DE-603)394800923 |
| 787 | 0 | 8 | |i Rezensiert in |a Lankes, Christian |t Tresp, Uwe, 1967-. Söldner aus Böhmen. - Paderborn [u.a.] : Schöningh. - 2004 [Rezension] |w (DE-603)394811097 |
| 787 | 0 | 8 | |i Rezensiert in |a Franz, Matthias |t Tresp, Uwe, 1967-. Söldner aus Böhmen. - Paderborn [u.a.] : Schöningh. - 2004 [Rezension] |w (DE-603)39491371X |
| 787 | 0 | 8 | |i Rezensiert in |a Dendorfer, Jürgen |t Tresp, Uwe, 1967-. Söldner aus Böhmen. - Paderborn [u.a.] : Schöningh. - 2004 [Rezension] |w (DE-603)394913728 |
| 787 | 0 | 8 | |i Rezensiert in |a Plassmann, Max |t Tresp, Uwe, 1967-. Söldner aus Böhmen. - Paderborn [u.a.] : Schöningh. - 2004 [Rezension] |w (DE-603)394913736 |
| 787 | 0 | 8 | |i Rezensiert in |a Bormann, Eberhard |t Tresp, Uwe, 1967-. Söldner aus Böhmen. - Paderborn [u.a.] : Schöningh. - 2004 [Rezension] |w (DE-603)394965124 |
| 830 | 0 | |t Krieg in der Geschichte |v 19 |w (DE-603)059967048 |w (DE-600)2033930-6 |9 219 |7 as | |
| 856 | 4 | 2 | |m V:DE-603;B:DE-Mb50 |q application/pdf |u http://scans.hebis.de/HEBCGI/show.pl?12189026_toc.pdf |3 Inhaltsverzeichnis |
| 883 | 0 | |8 3\p |q LoC | |
| 924 | 0 | |9 30/330 |a (DE-603)21949469X |b DE-30-330 |c HES |d d |g 02/NM 7250 T798 | |
| 924 | 0 | |9 34/24 |a (DE-603)215701895 |b DE-34-24 |c HES |d c |g 25 Ges HC 5902 | |
| 924 | 0 | |9 Mb 50 |a (DE-603)219372152 |b DE-Mb50 |c HES |d c |g 04.3522 | |
| 924 | 0 | |9 77/088 |a (DE-603)25626399X |b DE-77-088 |c HES |d d |g Bbg 55-19 | |
| 924 | 0 | |9 2080 |a (DE-603)793805406 |b DE-2080 |c HES |d d |g / | |
| 924 | 0 | |9 26/084 |a (DE-603)220784094 |b DE-26-084 |c HES |d d |g Lu 100 | |
| 924 | 0 | |9 4 |a (DE-603)220533423 |b DE-4 |c HES |d c |g 001 NZM I 1247 |h Freihandbereich | |


